|
|
|
|
| LEADER |
02444nam a2200709 a 4500 |
| 001 |
nkc20112200915 |
| 003 |
CZ PrNK |
| 005 |
20111011104600.0 |
| 007 |
ta |
| 008 |
110714s2011 xr ac e 010 0bcze |
| 015 |
|
|
|a cnb002200915
|
| 020 |
|
|
|a 978-80-253-1254-4
|q (váz.)
|
| 035 |
|
|
|a (OCoLC)746838073
|
| 040 |
|
|
|a ABA001
|b cze
|
| 041 |
1 |
|
|a cze
|h eng
|h ger
|
| 043 |
|
|
|a e-xr---
|
| 045 |
|
|
|a y1y1
|
| 072 |
|
7 |
|a 32
|x Politika
|2 Konspekt
|9 15
|
| 072 |
|
7 |
|a 929
|x Biografie
|2 Konspekt
|9 8
|
| 080 |
|
|
|a 32-051
|2 MRF
|
| 080 |
|
|
|a 929
|2 MRF
|
| 080 |
|
|
|a 32
|2 MRF
|
| 080 |
|
|
|a 33
|2 MRF
|
| 080 |
|
|
|a [339.923+327](4)
|2 MRF
|
| 080 |
|
|
|a 336.743(4)
|2 MRF
|
| 080 |
|
|
|a 551.583
|2 MRF
|
| 080 |
|
|
|a (437.3)
|2 MRF
|
| 080 |
|
|
|a (082)
|2 MRF
|
| 080 |
|
|
|a (082.2)
|2 MRF
|
| 245 |
0 |
0 |
|a Václavu Klausovi :
|b Festschrift k významnému životnímu jubileu /
|c [editoři Jiří Brodský, Petr Hájek, Jiří Weigl ; text Aznar José María ... et al.]
|
| 250 |
|
|
|a 1. vyd.
|
| 260 |
|
|
|a Praha :
|b Fragment,
|c 2011
|
| 300 |
|
|
|a 330 s. :
|b barev.il., portréty ;
|c 24 cm
|
| 500 |
|
|
|a Část. přeloženo z angličtiny a němčiny
|
| 504 |
|
|
|a Obsahuje bibliografie a bibliografické odkazy
|
| 600 |
1 |
7 |
|a Klaus, Václav,
|d 1941-
|7 jn19990218045
|2 czenas
|
| 648 |
|
7 |
|a 2011
|7 ch967313
|2 czenas
|
| 650 |
0 |
7 |
|a prezidenti
|7 ph124601
|z Česko
|y 21. století
|2 czenas
|
| 650 |
0 |
7 |
|a politika
|7 ph115795
|2 czenas
|
| 650 |
0 |
7 |
|a ekonomie
|7 ph114430
|2 czenas
|
| 650 |
0 |
7 |
|a evropská integrace
|7 ph137464
|2 czenas
|
| 650 |
0 |
7 |
|a euro
|7 ph120033
|2 czenas
|
| 650 |
0 |
7 |
|a klimatické změny
|7 ph134843
|2 czenas
|
| 650 |
0 |
9 |
|a presidents
|z Czechia
|y 21st century
|2 eczenas
|
| 650 |
0 |
9 |
|a politics
|2 eczenas
|
| 650 |
0 |
9 |
|a economics
|2 eczenas
|
| 650 |
0 |
9 |
|a European integration
|2 eczenas
|
| 650 |
0 |
9 |
|a euro
|2 eczenas
|
| 650 |
0 |
9 |
|a climate changes
|2 eczenas
|
| 655 |
|
7 |
|a sborníky
|7 fd163935
|2 czenas
|
| 655 |
|
7 |
|a jubilejní publikace
|7 fd131839
|2 czenas
|
| 655 |
|
9 |
|a miscellanea
|2 eczenas
|
| 655 |
|
9 |
|a jubilee books
|2 eczenas
|
| 700 |
1 |
|
|a Aznar, José María,
|d 1953-
|7 js20020311013
|4 aut
|
| 700 |
1 |
|
|a Brodský, Jiří
|7 jx20110714002
|4 edt
|
| 700 |
1 |
|
|a Hájek, Petr P.,
|d 1951-
|7 jk01033079
|4 edt
|
| 700 |
1 |
|
|a Weigl, Jiří,
|d 1958-
|7 osa2016935307
|4 edt
|
| 910 |
2 |
|
|a BOA001
|b 2-1270.143
|
| 990 |
|
|
|a BK
|
| 995 |
|
|
|a 01
|
| 991 |
|
|
|b 201107
|c NOV
|e n
|
| 996 |
6 |
|
|b 2610483799
|c 2-1270.143
|l MZK
|r Sklad / do 1 hodiny
|n 4
|p p.v.
|w 001191129
|u 000010
|a 1
|e BOA001
|j MZK50
|s P
|